000 00692nam a2200253Ia 4500
003 OSt
005 20220918184358.0
006 a|||||r|||| 00| 0
007 ta
008 220917b |||||||| |||| 00| 0 eng d
024 _a46,266
037 _cTextual
040 _aARTS
_cARTS
_beng
041 _2eng
_aeng
082 _aPxN28:g, M9
100 _aBotha Rudolf P
_965614
245 0 _aChallenging Chomsky
_b the generative garden game
260 _aOxford
_bBasil Blackwell
_c1989
300 _axvii,248p.
_ccm.
500 _aBib 227-35p; Includex index
650 _aLINGUISTICS
942 _hPxN28:g, M9
_cTEXL
_2CC
999 _c176293
_d176293